000
00250nam a2200109Ia 4500
008
190216s9999||||xx |||||||||||||| ||und||
100
_a
Sharma R K&Amp; Gupta
245
0
_a
Management Accounting
260
_b
Null
_c
2001
300
_a
2078p
942
_c
BK
999
_c
6065
_d
6065